I want to enjoy my children: (Record no. 14746)

000 -LEADER
fixed length control field 00771nam a2200217 a 4500
001 - CONTROL NUMBER
control field :::00012580$&:&@@
003 - CONTROL NUMBER IDENTIFIER
control field OkBaRHE
005 - DATE AND TIME OF LATEST TRANSACTION
control field 20000607103420.0
008 - FIXED-LENGTH DATA ELEMENTS--GENERAL INFORMATION
fixed length control field s1975 j 000 0 eng u
040 ## - CATALOGING SOURCE
Transcribing agency
100 1# - MAIN ENTRY--PERSONAL NAME
Personal name Brandt, Henry R.
245 10 - TITLE STATEMENT
Title I want to enjoy my children:
Remainder of title a handbook on parenthood.
260 ## - PUBLICATION, DISTRIBUTION, ETC. (IMPRINT)
Place of publication, distribution, etc Grand Rapids, MI., :
Name of publisher, distributor, etc Zondervan Publishing House
Date of publication, distribution, etc c1975
300 ## - PHYSICAL DESCRIPTION
Extent 184 p. ;
Dimensions 21 cm.
650 ## - SUBJECT ADDED ENTRY--TOPICAL TERM
Topical term or geographic name as entry element Family
General subdivision Religious Life
650 ## - SUBJECT ADDED ENTRY--TOPICAL TERM
Topical term or geographic name as entry element Parent and Child
700 ## - ADDED ENTRY--PERSONAL NAME
Personal name Landrum, Phil, Joint author.
942 ## - ADDED ENTRY ELEMENTS (KOHA)
Source of classification or shelving scheme
Koha item type Books
Copies
Not for loan Lost status Date acquired Withdrawn status Permanent Location Koha item type Barcode Price effective from Date last seen Full call number Source of classification or shelving scheme Damaged status Shelving location Copy number
  2010-04-14 RHEMA Bible Training CollegeBooks125802010-04-142010-04-14HQ 772 .B6815  General Stacks1
  2010-04-14 RHEMA Bible Training CollegeBooks199962010-04-142010-04-14HQ 772 .B6815  General Stacks2